000 00357nam a2200145Ia 4500
008 230917s9999||||xx |||||||||||||| ||und||
040 _e247258
_aMAIN
041 _aEnglish
082 _a342.085 A89R
100 _aAnuradha
245 0 _aRight to life and personal liberty under Indian constitution
260 _c2016
300 _a138 p.
942 _cTH
999 _c128010
_d128010